|
|
|
|
| LEADER |
00000nam a2200000 a 4500 |
| 005 |
2012100101521.0 |
| 007 |
cr|||| |||| |
| 008 |
060523s2006 sp |||||| |00| ||spa|| |
| 017 |
|
|
|a DL AB. 30-2006
|
| 020 |
|
|
|a 8486977886
|
| 020 |
|
|
|a 9788486977887
|
| 035 |
|
|
|a 5878
|
| 040 |
|
|
|a vLex
|
| 090 |
|
|
|c 3494
|d 3494
|
| 100 |
1 |
|
|a Martn̕ez Barroso, M® de los Reyes
|
| 245 |
1 |
0 |
|a Proteccin̤ de la salud y seguridad de los trabajadores autn̤omos
|h [Recurso electrn̤ico] :
|b reflexiones a raz̕ de la propuesta de Estatuto del Trabajador Autn̤omo /
|c Mara̕ de los Reyes Martn̕ez Barroso
|
| 256 |
|
|
|a Servicio en ln̕ea
|
| 260 |
|
|
|a Albacete :
|b Bomarzo,
|c 2006
|
| 300 |
|
|
|a 1 recurso en ln̕ea
|
| 504 |
|
|
|a Referencias bibliogrf̀icas
|
| 506 |
1 |
|
|a Contenido solo disponible en los productos indicados
|d vLex Global
|d vLex Global (Academic Edition, excluding Law Schools)
|d vLex Global (U.S. Academic Edition, Law Schools)
|d vLex Global (U.S. Academic Edition, excluding Law Schools)
|d vLex Global (Academic Edition, Law Schools)
|
| 650 |
0 |
4 |
|a Salud en el trabajo
|z Espaą
|
| 650 |
0 |
4 |
|a Seguridad en el trabajo
|z Espaą
|
| 650 |
0 |
4 |
|a Trabajadores autn̤omos
|x Situacin̤ legal
|z Espaą
|
| 740 |
0 |
|
|a vLex Libros (Servicio en ln̕ea)
|
| 856 |
4 |
0 |
|u http://vlex.com/source/proteccion-salud-seguridad-trabajadores-autonomos-reflexiones-raiz-propuesta-estatuto-trabajador-autonomo-5878
|z Acceso restringido
|
| 942 |
|
|
|c BOOK
|
| 999 |
|
|
|a Industrial hygiene
|
| 999 |
|
|
|a Industrial safety
|